000 00393nam a2200157Ia 4500
008 230524s9999 xx 000 0 und d
020 _a9812436944
082 _a5.453
_bLOU
100 _aKenneth C. Louden
245 0 _aCompiler Construction Principles and Practice
260 _aBOSTON
_bVikas
_c2003
300 _aX;582
500 _aQuantity Number: 2
650 _aComp-Sc
942 _cBK
999 _c5331
_d5331